000 01081cam a2200349Mu 4500
001 103076
005 20230410143535.0
008 900329s1989 nyu 000 0 eng d
035 _a(OCoLC)ocn610858760
040 _aSzZUIDS
_bger
_cCHVBK
020 _a0155897624
020 _a9780155897625
035 _a(OCoLC)610858760
044 _axxu
_axxk
049 _aGRAL
050 1 4 _aT 21
_bM322t 1989
082 0 0 _a609.73
100 1 _aMarcus, Alan I.,
_d1949-.
245 1 0 _aTechnology in America :
_ba brief history /
_cAlan I. Marcus, Howard P. Segal.
260 _aSan Diego :
_bHarcourt Brace Jovanovich,
_cc1989.
300 _axii, 380 p. :
_bill. ;
_c22 cm.
650 0 _aTechnology
_zUnited States
_xHistory.
650 4 _aInventos
_xHistoria
_zEstados Unidos.
650 4 _aTecnología
_zEstados Unidos.
650 4 _aInnovaciones tecnológicas.
650 4 _aCambio tecnológico
_zEstados Unidos.
650 4 _aTecnología
_xAspectos económicos
_zEstados Unidos.
700 1 _aSegal, Howard P.
942 _2lcc
_cbk
994 _aC0
_bDRFGD
946 _anc
999 _c103554
_d103554